| 000 | 00342nam a2200145Ia 4500 | ||
|---|---|---|---|
| 005 | 20251222125351.0 | ||
| 008 | 251222s1900||||xx |||||||||||||| ||spa|| | ||
| 020 | _a978-960-443-592-0 | ||
| 082 | _aCD425.02/M66T/B1/T.1 | ||
| 100 | _aMitchell, H. Q. | ||
| 245 | 0 | _aTraveller: | |
| 250 | _a1a.ed. | ||
| 264 | _bMM Publications, | ||
| 942 | _cCD | ||
| 999 |
_c2731 _d2731 |
||